| 000 | 00662nam a22002057a 4500 | ||
|---|---|---|---|
| 999 |
_c149948 _d149948 |
||
| 005 | 20210927153910.0 | ||
| 010 | _aENG-122273 | ||
| 020 |
_a9788193593806 _c425.00 |
||
| 035 | _aEN-105805 | ||
| 037 | _bDBAD/PUB | ||
| 082 | _a621.31042 | ||
| 100 | _aRamamoorty, M. | ||
| 245 |
_aElectrical machines / _cby M. Ramamoorty [and] O. Chandra Sekhar |
||
| 260 |
_aDelhi _bPHI Learning _cc2018 |
||
| 270 |
_aRimjhim House ,111, Patparganj industrial estate _bDelhi _e110092 |
||
| 300 |
_axiii, 326p. _c24cm(pbk) |
||
| 500 | _aIt includes bibliographical references and index | ||
| 700 | _aChandra Sekhar, O. | ||
| 942 |
_2ddc _cEN _h621.31042 _mRAM |
||